| 000 | 00735nam a2200217Ia 4500 | ||
|---|---|---|---|
| 003 | GCL | ||
| 008 | 140319s9999 xx 000 0 ara d | ||
| 020 | _a9380208977 | ||
| 040 |
_aGCL / _cGCL |
||
| 082 | 0 | 4 |
_a720.9532 _bم ف |
| 100 | 1 | _aمنير عبدالجليل العريقى | |
| 245 | 1 | 0 |
_aالفن المعمارى والفكر الدينى فى اليمن القديم / _cمنير عبدالجليل العريقى |
| 250 | _aالاولى | ||
| 260 |
_aالقاهرة : _bمكتبة مدبولى ، _c2002 |
||
| 300 |
_a443 ص ؛ _c26 سم |
||
| 650 | 0 | 4 | _aالعمارة الاسلامية |
| 650 | 0 | 4 | _aالمعابد |
| 650 | 0 | 4 | _aاليمن القديم |
| 650 | 0 | 4 | _aالعمارة - تاريخ |
| 942 |
_2ddc _cBK |
||
| 999 |
_c5454 _d5454 |
||